00922nam a2200181 a 450000100100000000500170001000800410002704000250006808200150009310000480010824500710015626000920022730000200031950002620033904900090060195201130061099900170072300001572420240229161930.0100217s1957 dr 000 0 spa d aDO-SdBNPbspacBNPHU axxxbP438t1 aPérez, Carlos Federico,d1912-198492484910aTrascendencia histórica de una fecha /cCarlos Federico Pérez. aCiudad Trujillo, República Dominicana :bPublicaciones del Partido Dominicano,c1957. a20 p. ;c23 cm. aTexto de la conferencia pronunciada en el auditorium del palacio de la Junta Central Directiva del Partido Dominicano, en la noche del 17 de julio de 1957, con motivo de conmemorarse el X aniversario de la cancelación de la deuda externa de la República aBNPD 0010718PDaPDbPDcCTd2010-02-17iLF1l0oxxx P438tp15724-10r2020-06-25w2020-06-25yLFPDZNo se presta c15274d15274